000 01039nmc a2200361 a 4500
003 AR-BaBNM
005 20251128204747.0
008 135119s1995 ||||||||||||||000 | spa||
020 _a84-368-0810-X
040 _cAR-BaBNM
100 1 _aGuzmán, Miguel de
245 1 0 _aPara pensar mejor
_bdesarrollo de la creatividad a través de los procesos matemáticos
250 _a2ª ed.
260 _aMadrid
_bEdiciones Pirámide
_c1995
300 0 _a350 p.
_btablas, diagr.
490 0 _aCiencia hoy
500 0 _aContiene índice bibliográfico en p. 345-347
500 0 _aIndice de nombres en p. 349-350
500 0 _aApéndice en p. 279-344
650 4 _aCREATIVIDAD
650 4 _aMATEMATICA
650 4 _aPENSAMIENTO
650 4 _aDESARROLLO DE DESTREZAS
650 4 _aINTELIGENCIA
650 4 _aRAZONAMIENTO
650 4 _aAPRENDIZAJE
650 4 _aATENCION
650 4 _aMETODOS DE ESTUDIO
800 1 _aCárdenas, Jacobo
_edirector
800 1 _aGuerrero, Ricardo
_edirector
942 _cBK
998 _cGLORIA
999 _c8713
_d8713